00741cam a22002057a 4500003000500000005001700005008004100022010001000063011001000073035001000083040000900093110006000102245017300162260008900335300001000424650002000434650002800454700001800482700003500500CHAP20220329142130.0990831d1994 it rn 00110 spa d a78946 a79918 a90335 cCHAP aFAO. Oficina Regional para América Latina y el Caribe13aLa formación de técnicos agropecuarios :blo educativo al servicio de lo productivo enseñar y aprender produciendoc/por Polan Lacki, Juan Manuel Zepeda del Valle aSantiago de Chile :bFAO. Oficina Regional para América Latina y el Caribe,c1994. a83 p.14aCapacitación.14aEducación agrícola.0 aLacki, Polan.0 aZepeda del Valle, Juan Manuel.